Teatro revolucionario ruso / (Record no. 128986)
[ view plain ]
| 000 -LEADER | |
|---|---|
| campo de control de longitud fija | 00858nam a2200217 i 4500 |
| 001 - NÚMERO DE CONTROL | |
| campo de control | 128986 |
| 003 - IDENTIFICADOR DE NÚMERO DE CONTROL | |
| campo de control | ES-MaACL |
| 005 - FECHA Y HORA DE LA ÚLTIMA TRANSACCIÓN | |
| campo de control | 20251123112510.0 |
| 007 - CAMPO FIJO DE DESCRIPCIÓN FÍSICA--INFORMACIÓN GENERAL | |
| campo de control de longitud fija | t| |
| 008 - DATOS DE LONGITUD FIJA--INFORMACIÓN GENERAL | |
| campo de control de longitud fija | 070601s1929 sp ||||1| spa d |
| 245 00 - MENCIÓN DEL TÍTULO | |
| Título | Teatro revolucionario ruso / |
| Mención de responsabilidad, etc. | prólogo y traducción por Cristóbal de Castro. |
| 260 ## - PUBLICACIÓN, DISTRIBUCIÓN, ETC. | |
| Lugar de publicación, distribución, etc. | Madrid : |
| Nombre del editor, distribuidor, etc. | [Juan Pueyo], |
| Fecha de publicación, distribución, etc. | 1929. |
| 300 ## - DESCRIPCIÓN FÍSICA | |
| Extensión | 264 p. ; |
| Dimensiones | 20 cm. |
| 505 8# - NOTA DE CONTENIDO CON FORMATO | |
| Nota de contenido con formato | Contiene: Fuera de la ley. Farsa trágica en cuatro actos por Leon Lunst.-- La moneda falsa. Tragedia grotesca en tres actos por Máximo Gorki.-- El que recibe las bofetadas / por Leonidas Andreief |
| 700 1# - ENTRADA AGREGADA--NOMBRE PERSONAL | |
| Nombre de persona | Castro, Cristóbal de, |
| Fechas asociadas al nombre | 1874-1953 |
| 9 (RLIN) | 36843 |
| 700 1# - ENTRADA AGREGADA--NOMBRE PERSONAL | |
| Nombre de persona | Gor'kiï, Maksim. |
| 9 (RLIN) | 59128 |
| 700 1# - ENTRADA AGREGADA--NOMBRE PERSONAL | |
| Nombre de persona | Lunst, Leon. |
| 9 (RLIN) | 74795 |
| 700 1# - ENTRADA AGREGADA--NOMBRE PERSONAL | |
| Nombre de persona | Andreev, Leonid Nikolaevich, |
| Fechas asociadas al nombre | 1871-1919 |
| 9 (RLIN) | 242530 |
| 852 ## - LOCALIZACIÓN | |
| Ubicación | ES-MaACL |
| Número de control de estantería | B-3040 |
| Estatus retirado | Estado de pérdida | Estado de daño | No para préstamo | Biblioteca de origen | Biblioteca actual | Ubicación en estantería | Fecha de adquisición | Fuente de adquisición | Total de préstamos | Signatura topográfica completa | Código de barras | Visto por última vez | Precio de reemplazo | Tipo de ítem Koha |
|---|---|---|---|---|---|---|---|---|---|---|---|---|---|---|
| Biblioteca del Ateneo de Madrid | Biblioteca del Ateneo de Madrid | Sala Pardo Bazán | 17/01/2008 | B-3040 | 1134327 | 23/02/2023 | 23/02/2023 | Libro impreso |
